000 00873nam a2200325 4500
001 35183
010 _a9789727119523
021 _aPT
090 _a35183
100 _a20221012 frey50
101 1 _apor
102 _aPT
200 1 _aSó o amor é real
_ea história do reencontro de almas gémeas
_fBrian L. Weiss
_gtrad. Manuel Bernardes
205 _a4.ª ed
210 _aLisboa
_cPergaminho,
_d2011
215 _a226, [6] p
_d23 cm
225 2 _aObras de Brian L. Weiss
606 _aAlmas gémeas
606 _aReencarnação
606 _aHipnose
_xUso terapêutico
606 _aAmor
675 _a129
_vBN
_zpor
675 _a615.851
_vBN
_zpor
675 _a159.962
_vBN
_zpor
675 _a177.61
_vmed
_zpor
700 1 _aWeiss,
_bBrian L.,
_f1944-
702 1 _aBernardes,
_bManuel
_4730
801 0 _aPT
_bRMBL
_gRPC
990 _cLIVROS
994 _aCOMP